Responses for Show #8657 - Tuesday, June 7, 2022

Eric Ahasic game 2.

Contestants

[<< previous game]

Elaine Hesser, a features editor from Salinas, California

Michael Toughill, a senior marketing analyst from Seattle, Washington

Eric Ahasic, a meteorologist from Minneapolis, Minnesota (whose 1-day cash winnings total $18,401)

[next game >>]

Jeopardy! Round responses

DEAR-POURRI
SPANNING THE GLOBE
TEXTING ABBREV.
THE CABINET
A WRITER BY ANY OTHER NAME...
FROM FARM TO TABLE
(Mayim: Responses come between those two words in the dictionary.)
    $200 24
Dear John

Elaine
    $200 30
Beehive

Eric
    $200 15
(Mayim: What will those texting kids think of next?)

long time no see

Triple Stumper
    $200 10
Postmaster General

Eric
    $200 25
(Anton) Chekhov

Elaine
    $200 22
farro

Michael
    $400 23
Tupac Shakur

Michael
    $400 16
a sand dune

Eric
    $400 12
tears of joy

Michael
    $400 9
the Department of Housing and Urban Development (HUD)

Elaine
    $400 26
(Lemony) Snicket

Eric
    $400 21
a silo

Eric
    $600 4
Dear Evan Hansen

Michael
    $600 1
(Elaine: What is Erie?)

Lake Ontario

MichaelElaine
    $600 7
please tell me more

Triple Stumper
    $600 8
budget

Elaine
    $600 27
[Eric says the last name to rhyme with "growling" and Mayim corrects it to rhyme with the sport of "bowling".]

(J.K.) Rowling

Eric
    $600 20
a machete

Michael
    $800 13
(Michael: What is "Eleanor Rigby"?)

"Dear Prudence"

Michael
Triple Stumper
    $800 2
Thailand

Eric
    $800 5
off to bed

Eric
    $800 11
veterans

Michael
    $800 28
Molière

Eric
    $800 19
a jalapeño

Michael
    $1000 14
Dear White People

Triple Stumper
    $1000 3
[Mayim corrects Eric's pronunciation of "Aa-kah-bah" to "AA-kuh-buh".]

the Gulf of Aqaba

Eric
    $1000 6
fingers crossed

Triple Stumper
    $3,200 17
(Eric: [Sighs] What's the Department of... Health?)

the Department of the Interior

Eric
    $1000 29
(Pablo) Neruda

Eric
    $1000 18
a hutch

Elaine

Scores at the first commercial break (after clue 15):

Eric Michael Elaine
$2,800 $1,600 $400

Scores at the end of the Jeopardy! Round:

Eric Michael Elaine
$3,400 $3,600 $1,800

Double Jeopardy! Round responses

DEER-POURRI
HISTORIC NAMES
6-LETTER ADJECTIVES
ON THE STATE FLAG
WAR GODS
THEY PLAYED THE TITLE CHARACTER
    $400 24
Bambi

Michael
    $400 12
(Sir Henry Morton) Stanley

Eric
    $400 1
immune

Michael
    $400 21
Colorado

Michael
    $400 27
Mars

Eric
    $400 30
(Eric: Who is Loretta Lynn?)

Sissy Spacek

EricElaine
    $800 16
stag

Eric
    $800 11
Bolívar

Eric
    $800 2
(Eric: [Shakes head] Nothing.)

superb

Eric
Triple Stumper
    $800 26
California

Eric
    $800 28
plague

Elaine
    $800 29
(Mayim: Yes, [*] in Saving Private Ryan.)

(Matt) Damon

Eric
    $1200 13
Alberta

Michael
    $1200 8
Indira Gandhi

Eric
    $1200 3
costly

Elaine
    $1200 6
an anchor

Eric
    $1200 17
a raven (a crow)

Eric
    $3,800 20
(Mayim: Yes, [*], in I, Tonya.)
[Mayim corrects Eric's pronunciation of "ROE-bee" to "ROB-bee".]

(Margot) Robbie

Eric
    $1600 14
Blitzen

Elaine
    $1600 9
Daguerre

Elaine
    $1600 4
supine

Eric
    $3,400 7
New Mexico

Eric
    $1600 18
Carthage

Eric
    $1600 23
(Mayim: Yes, [*] in Ben-Hur.)

(Charlton) Heston

Eric
    $2000 15
the glen

Triple Stumper
    $2000 10
Justinian

Eric
    $2000 5
votive

Eric
    $2000 25
Wyoming

Michael
    $2000 19
a lion

Triple Stumper
    $2000 22
(Mayim: Yes, in The Eyes of Tammy Faye.)

Jessica Chastain

Michael

Scores at the end of the Double Jeopardy! Round:

Eric Michael Elaine
$25,800 $10,000 $7,400
(lock game)

[wagering suggestions for these scores]

Final Jeopardy! Round responses

WRITING OLD & NEW
[Laughter when Michael's response is revealed]
...
(Mayim: [*] by Dan Brown--Dante's The Divine Comedy written in 1321.)
ElaineWhat is the Canterbury Tale Handmaids Tale
$6,000
MichaelWhat is Twilight: New Moon?
$5,454
EricWhat The Handmaid's Tale?
$4,200
Inferno

Final scores:

Eric Michael Elaine
$21,600 $4,546 $1,400
2-day champion: $40,001 2nd place: $2,000 3rd place: $1,000

Game dynamics:

Coryat scores:

Eric Michael Elaine
$24,600 $10,000 $7,400
27 R
(including 2 DDs),
3 W
(including 1 DD)
14 R,
1 W
10 R,
1 W

Combined Coryat: $42,000

[game clues] [game scores] [suggest correction]

Game tape date: 2022-04-19
The J! Archive is created by fans, for fans. Scraping, republication, monetization, and malicious use prohibited; this site may use cookies and collect identifying information. See terms. The Jeopardy! game show and all elements thereof, including but not limited to copyright and trademark thereto, are the property of Jeopardy Productions, Inc. and are protected under law. This website is not affiliated with, sponsored by, or operated by Jeopardy Productions, Inc. Join the discussion at JBoard.tv.